000 002630000a22000970004500
100 1 _aHill, Jo
245 1 0 _aThose who can : Volunteer. Using your talents to serve the poorest people
300 _aNum. 24 (2003), Páginas 20-21
773 0 _tTeartimes
942 _cANA
999 _c56049
_d56049